000 02546njm a2200493 i 4500
001 195444
003 SpMaBN
005 20250625164634.0
007 sd*fsngnnmmned
008 240613s2005 sp mun zxx
017 _aGC 264-2005
_bOficina Depósito Legal Gran Canaria
028 0 0 _aDCD/223
035 _a(OCoLC)966306005
035 _aa5871743
040 _aSpMaBN
_bspa
_cSpMaBN
_erdc
_dES-MaACL
100 1 _aMasarnau, Santiago,
_d1805-1882
_0XX1059203
_978669
245 1 0 _aAires españoles y piezas expresivas
_h[Grabación sonora] /
_cSantiago de Masarnau.
260 _a[Gran Canaria] :
_bDiscan ;
_a[Madrid]
_bSociedad Española de Musicología,
_cD.L.2005.
300 _a1 CD (58 min) +
_e1 folleto 8 (17 p.)
336 _aMúsica (interpretada)
_2isbdcontent
337 _aaudio
_2isbdmedia
338 _2rdacarrier
_avolumen
490 1 _aEl patrimonio musical hispano ;
_v11
490 1 _aCompositores en la Comunidad de Madrid
505 0 _aTrois airs caracteristiques de danses natonales espagnoles, op. 17 (1837) ; Deus airs característiques, op. 19 ; Jota aragonesa (1837) , Trois morceaux expressifs, op. 18 (1837) ; Une idée fixe, notturno, op. 22 ; Ballade sans parales nº 1 (1845): "Invresemblable mais historique", op. 23
511 1 _aAna Vega Toscano, piano
518 _aGrabación efectuada los dias 2 y 16 de octubre de 2004 en el Aula Magna del Campus de Guajara de la Universidad de La Laguna
597 _aFolleto con información del autor y su obra; biografía del intérprete
650 4 _aPiano
_2embne
_915993
700 _aMasarnau, Santiago,
_d1805-1882.
_tBoleras, tiranas y manchegas,
_nop. 17
_9236975
700 _aMasarnau, Santiago,
_d1805-1882.
_tPolo, zapateado y jota aragonesa,
_nop. 19
_9236976
700 _aMasarnau, Santiago,
_d1805-1882.
_tTrois morceaux expressifs,
_nop. 18
_9236977
700 _aMasarnau, Santiago,
_d1805-1882.
_tUne idée fixe, notturno,
_nop. 22
_9236978
700 _aMasarnau, Santiago,
_d1805-1882.
_tBallade para piano, Invraisemblable, mais historique,
_nop. 23
_9236979
700 1 _aVega Toscano, Ana María,
_d1959-
_9236980
710 2 _aSociedad Española de Musicología
_9236981
830 _aEl patrimonio musical hispano ;
_9236982
_v11
830 _aCompositores en la Comunidad de Madrid
_9236983
852 _aES-MaACL
_cROT
_jROT 6/3/26
_9203503
852 _aES-MaACL
_cDEPOF
_9203504
_jFOLL.DB-7
942 _2udc
_cDVD
_n0
999 _c195444
_d195444